Nghiên cứu ảnh hưởng của calcium chloride phun qua lá đến năng suất và phẩm chất trái măng cụt (Garcinia mangostana L.) : Báo cáo tổng kết đề tài Khoa học và Công nghệ cấp trường (Do Nghiên cứu sinh thực hiện)

Đề tài xác định ảnh hưởng của calcium chloride phun qua lá đến năng suất và phẩm chất trái măng cụt

Đã lưu trong:
书目详细资料
主要作者: Lê, Bảo Long
格式: 图书
语言:Undetermined
出版: Cần Thơ Trương Đại học Cần Thơ 2014
主题:
标签: 添加标签
没有标签, 成为第一个标记此记录!
Thư viện lưu trữ: Trung tâm Học liệu Trường Đại học Cần Thơ
LEADER 01108nam a2200217Ia 4500
001 CTU_198265
008 210402s9999 xx 000 0 und d
082 |a 634.655 
082 |b L431 
088 |a TNCS2013-05 
100 |a Lê, Bảo Long 
245 0 |a Nghiên cứu ảnh hưởng của calcium chloride phun qua lá đến năng suất và phẩm chất trái măng cụt (Garcinia mangostana L.) : 
245 0 |b Báo cáo tổng kết đề tài Khoa học và Công nghệ cấp trường (Do Nghiên cứu sinh thực hiện) 
245 0 |c Lê Bảo Long (Chủ nhiệm đề tài) ; Lê Văn Hòa, Nguyễn Bảo Toàn (Cán bộ hướng dẫn) 
260 |a Cần Thơ 
260 |b Trương Đại học Cần Thơ 
260 |c 2014 
520 |a Đề tài xác định ảnh hưởng của calcium chloride phun qua lá đến năng suất và phẩm chất trái măng cụt 
650 |a Mangosteen,Măng cụt 
904 |i Hải 
980 |a Trung tâm Học liệu Trường Đại học Cần Thơ